[Estudio de dos cabezas masculinas (Record no. 85829)

MARC details
000 -LEADER
campo de control de longitud fija 01178nkm a22002297a 4500
001 - NÚMERO DE CONTROL
campo de control 85829
005 - FECHA Y HORA DE LA ÚLTIMA TRANSACCIÓN
campo de control 20260429094905.0
007 - CAMPO FIJO DE DESCRIPCIÓN FÍSICA--INFORMACIÓN GENERAL
campo de control de longitud fija kh bo
008 - DATOS DE LONGITUD FIJA--INFORMACIÓN GENERAL
campo de control de longitud fija 260421s1980 sp ||||| |||| 00| 0 spa d
040 ## - FUENTE DE CATALOGACIÓN
Centro catalogador/agencia de origen M-RABA
Lengua de catalogación spa
Centro/agencia transcriptor M-RABA
245 01 - MENCIÓN DEL TÍTULO
Título [Estudio de dos cabezas masculinas
Resto del título : de Jacob Jordaens]
Medio [Material gráfico]
260 ## - PUBLICACIÓN, DISTRIBUCIÓN, ETC.
Fecha de publicación, distribución, etc. [ca. 1980]
300 ## - DESCRIPCIÓN FÍSICA
Extensión 1 fotografía
Otras características físicas : impresión fotomecánica
Dimensiones ; 20 x 25 cm
500 00 - NOTA GENERAL
Nota general Fotografía que representa el cuadro de "Estudio de dos cabezas masculinas" del pintor barroco flamenco Jacob Jordaens.
500 00 - NOTA GENERAL
Nota general Nota manuscrita a lápiz en el verso de la imagen: "Llega al Archivo entre los papeles de D. Luis Blanco Soler, entregados 27 junio 1988"
600 17 - PUNTO DE ACCESO ADICIONAL DE MATERIA--NOMBRE DE PERSONA
Nombre de persona Jordaens, Jacob (
Fechas asociadas al nombre 1593-1678)
9 (RLIN) 959
655 #7 - TERMINO DE INDIZACIÓN--GENERO/FORMA
Datos o término principal de género/forma Fotografías de obras de arte
9 (RLIN) 75675
852 ## - LOCALIZACIÓN
Número de control de estantería Fot-730
856 ## - LOCALIZACIÓN Y ACCESO ELECTRÓNICOS
Identificador Uniforme de Recurso <a href="https://archivoybiblioteca.realacademiabellasartessanfernando.com/cgi-bin/koha/opac-retrieve-file.pl?id=2c68adb67b660b0bbedf0d40e700b4c8">https://archivoybiblioteca.realacademiabellasartessanfernando.com/cgi-bin/koha/opac-retrieve-file.pl?id=2c68adb67b660b0bbedf0d40e700b4c8</a>
Texto de enlace Fot-730r
856 ## - LOCALIZACIÓN Y ACCESO ELECTRÓNICOS
Identificador Uniforme de Recurso <a href="https://archivoybiblioteca.realacademiabellasartessanfernando.com/cgi-bin/koha/opac-retrieve-file.pl?id=a6d6ac2a9c95069afcc571f6395186c4">https://archivoybiblioteca.realacademiabellasartessanfernando.com/cgi-bin/koha/opac-retrieve-file.pl?id=a6d6ac2a9c95069afcc571f6395186c4</a>
Texto de enlace Fot-730v
942 ## - ELEMENTOS DE ENTRADA SECUNDARIOS (KOHA)
Tipo de ítem Koha Fotografías
Suprimir en OPAC No
Holdings
Estatus retirado Estado de pérdida Fuente de la clasificación o esquema de estantería Estado de daño No para préstamo Colección Biblioteca de origen Biblioteca actual Ubicación en estantería Fecha de adquisición Total de préstamos Signatura topográfica completa Código de barras Visto por última vez Precio de reemplazo Tipo de ítem Koha
    Clasificación Decimal Dewey     Fotografía Real Academia de la Bellas Artes de San Fernando Real Academia de la Bellas Artes de San Fernando Depósito 2 21/04/2026   Fot-730 1097053 21/04/2026 21/04/2026 Fotografías

Powered by Koha